[Event "KP 2017-18, Vrchlabi - Lazne Belohrad"]
[Site "?"]
[Date "2017.12.10"]
[Round "4.8"]
[White "Matous, Bedrich"]
[Black "Janak, Jarosùav"]
[Result "1-0"]
[WhiteElo "1882"]
[BlackElo "1763"]
[PlyCount "109"]
[EventDate "2017.??.??"]

1. d4 d5 2. Nf3 h6 3. e3 Nf6 4. Bd3 Nc6 5. c3 e6 6. Nbd2 Be7 7. O-O O-O 8. Qe2
a6 9. e4 dxe4 10. Nxe4 Qd5 11. Bf4 Ne8 12. Bc4 Qf5 13. Bd2 Bd6 14. Bd3 Qh5 15.
Ng3 Bxg3 16. fxg3 Bd7 17. Qf2 Nf6 18. h3 Rac8 19. c4 b6 20. g4 Nxg4 21. hxg4
Qxg4 22. Bc3 a5 23. Ne5 Nxe5 24. dxe5 Bc6 25. Be2 Qg5 26. Bf3 Bxf3 27. Qxf3 Qe7
28. Qc6 Rcd8 29. Rad1 Rfe8 30. a3 Rxd1 31. Rxd1 Rd8 32. Rxd8+ Qxd8 33. Qf3 Qd7
34. Qa8+ Kh7 35. Qe4+ Kg8 36. Qd4 Qc6 37. b3 Qe8 38. c5 Qc6 39. cxb6 cxb6 40.
a4 Qc7 41. Kf2 Qc6 42. Kg3 Qc7 43. Kg4 Qc6 44. Kh3 Qc7 45. Qc4 Qb7 46. Qd3 Qc6
47. Be1 Qc5 48. Bg3 Qc6 49. Qb5 Qc7 50. Qd3 Qc5 51. Qf3 Qb4 52. Qe3 h5 53. Kh2
b5 54. Be1 Qa3 55. axb5 1-0

[Event "KP 2017-18, Trebechovice - Lipa B"]
[Site "Trebechovice p.O."]
[Date "2017.12.10"]
[Round "4.1"]
[White "Nosek, Jan"]
[Black "Kaisler, Martin"]
[Result "1-0"]
[WhiteElo "2017"]
[BlackElo "2060"]
[PlyCount "99"]
[EventDate "2017.12.10"]

1. d4 Nf6 2. Nf3 g6 3. Bf4 Bg7 4. e3 d6 5. Be2 O-O 6. h3 c5 7. Nbd2 b6 8. O-O
Nc6 9. c3 Bb7 10. a4 Rc8 11. Re1 Nd7 12. d5 Nce5 13. e4 f5 14. Ng5 Qe8 15. Ne6
Rf7 16. Bb5 a6 17. Bxd7 Qxd7 18. Nxg7 Kxg7 19. Bxe5+ dxe5 20. Nc4 Qc7 21. Qb3
Rf6 22. Rad1 fxe4 23. Rxe4 Rd8 24. Ne3 Rf4 25. f3 c4 26. Qxc4 Qxc4 27. Rxc4
Rxc4 28. Nxc4 Rxd5 29. Rxd5 Bxd5 30. Nxb6 Bc6 31. b4 e4 32. f4 Kf6 33. g3 e5
34. fxe5+ Kxe5 35. Kf2 g5 36. Ke3 h5 37. c4 h4 38. g4 Kd6 39. c5+ Kc7 40. a5
Kd8 41. Nc4 Ke7 42. Nd6 Ke6 43. Nxe4 Ke5 44. Nxg5 Bg2 45. Kf2 Bd5 46. Nf3+ Ke4
47. Nxh4 Kd4 48. Nf5+ Kc3 49. Ne7 Be6 50. b5 1-0

[Event "KP 2017-18, Trebechovice - Lipa B"]
[Site "Trebechovice p.O."]
[Date "2017.12.10"]
[Round "4.2"]
[White "Ruda, Ondrej"]
[Black "Sedlacek, Jan"]
[Result "1/2-1/2"]
[WhiteElo "2046"]
[BlackElo "1864"]
[PlyCount "41"]
[EventDate "2017.12.10"]

1. e4 c5 2. Nc3 Nc6 3. f4 e6 4. Nf3 Nf6 5. Bb5 Nd4 6. Bd3 Nc6 7. e5 Nd5 8. Nxd5
exd5 9. c3 d6 10. Bb5 Be7 11. O-O O-O 12. d4 Qb6 13. Bd3 dxe5 14. fxe5 cxd4 15.
cxd4 Nxd4 16. Bxh7+ Kxh7 17. Nxd4 Bc5 18. Be3 Qg6 19. Qf3 Bxd4 20. Bxd4 Be6 21.
Rac1 1/2-1/2

[Event "KP 2017-18, Trebechovice - Lipa B"]
[Site "Trebechovice p.O."]
[Date "2017.12.10"]
[Round "4.3"]
[White "Slavik, Jan"]
[Black "Novak, Ludek"]
[Result "1/2-1/2"]
[WhiteElo "1920"]
[BlackElo "1952"]
[PlyCount "136"]
[EventDate "2017.12.10"]

1. e4 c5 2. Nf3 d6 3. d4 cxd4 4. Qxd4 Bd7 5. c4 Nc6 6. Qd2 Nf6 7. Nc3 g6 8. b3
Bg7 9. Bb2 O-O 10. Be2 Bg4 11. O-O Nd7 12. Rad1 a5 13. h3 Bxf3 14. Bxf3 Nc5 15.
Nd5 Ne5 16. Bxe5 Bxe5 17. Qe3 e6 18. Nc3 Qh4 19. Rfe1 h5 20. Nb5 Rad8 21. g3
Qe7 22. Bg2 Bg7 23. Rd2 Rd7 24. Red1 Rfd8 25. f4 e5 26. f5 Kh7 27. Rd5 Bh6 28.
Qf2 Na6 29. a3 Nc7 30. Nxc7 Rxc7 31. Rxa5 g5 32. Bf3 g4 33. hxg4 hxg4 34. Bxg4
Rg8 35. f6 Qd8 36. Qf5+ Kh8 37. Rxe5 Qf8 38. Red5 Rg5 39. Qxg5 Bxg5 40. Rxg5
Rc5 41. Rg7 Qd8 42. Rxf7 Qe8 43. Rxd6 Qxf7 44. Rd8+ Kh7 45. Rd7 Kg6 46. Rxf7
Kxf7 47. Kf2 Kxf6 48. Ke3 Ke5 49. Be2 Rc8 50. a4 b6 51. Bf3 Rg8 52. g4 Rh8 53.
b4 Ra8 54. Bd1 Rc8 55. Bb3 Rh8 56. Bc2 Rh3+ 57. Ke2 Rg3 58. c5 bxc5 59. bxc5
Rc3 60. Kd2 Rxc5 61. Kd3 Rc7 62. g5 Rg7 63. Kc4 Rxg5 64. a5 Kd6 65. Kb4 Re5 66.
Bd3 Kc7 67. a6 Kb6 68. Kc3 Rxe4 1/2-1/2

[Event "KP 2017-18, Trebechovice - Lipa B"]
[Site "Trebechovice p.O."]
[Date "2017.12.10"]
[Round "4.4"]
[White "Humlicek, Vojtech"]
[Black "Krasa, Marek"]
[Result "0-1"]
[WhiteElo "1932"]
[BlackElo "1676"]
[PlyCount "84"]
[EventDate "2017.12.10"]

1. e4 c5 2. Nf3 e6 3. d4 cxd4 4. Nxd4 Nf6 5. Nc3 Bb4 6. Bd3 d5 7. e5 Nfd7 8. f4
Nc6 9. Nxc6 bxc6 10. O-O Nc5 11. Qg4 g6 12. Rf3 Nxd3 13. cxd3 h5 14. Qg3 Bxc3
15. bxc3 Qe7 16. Qf2 O-O 17. a4 Re8 18. Be3 a6 19. a5 Rb8 20. Bc5 Qd8 21. Bb4
d4 22. Bc5 dxc3 23. Bb6 Qd5 24. d4 Bb7 25. Rxc3 Re7 26. Rac1 Rc8 27. Rg3 Rd7
28. Bc5 Ba8 29. Qe2 Kh7 30. Rg5 Qb3 31. Qxa6 Qe3+ 32. Kf1 Qxc1+ 33. Kf2 Qxf4+
34. Kg1 Bb7 35. Qf1 Qxg5 36. a6 Ba8 37. a7 Rb7 38. h3 Qf5 39. Qe2 Rb1+ 40. Kh2
Rc7 41. Qd2 Rcb7 42. Bf8 g5 0-1

[Event "KP 2017-18, Trebechovice - Lipa B"]
[Site "Trebechovice p.O."]
[Date "2017.12.10"]
[Round "4.5"]
[White "Slavik, Libor"]
[Black "Nemec, Otakar"]
[Result "1/2-1/2"]
[WhiteElo "1885"]
[BlackElo "1818"]
[PlyCount "107"]
[EventDate "2017.12.10"]

1. e4 c5 2. f4 e6 3. Nf3 d5 4. Bb5+ Bd7 5. Bxd7+ Nxd7 6. exd5 exd5 7. Qe2+ Qe7
8. Qxe7+ Bxe7 9. Nc3 Ngf6 10. O-O O-O 11. d3 Bd6 12. Nb5 Bb8 13. Bd2 a6 14. Nc3
Re8 15. Rae1 Bc7 16. g3 b5 17. Rxe8+ Rxe8 18. Re1 Rxe1+ 19. Bxe1 d4 20. Ne4
Nxe4 21. dxe4 Nf6 22. e5 Nd5 23. Bd2 Bd8 24. Kf1 f5 25. Ke2 Kf7 26. Kd3 Ke6 27.
b4 c4+ 28. Ke2 Bb6 29. Ng5+ Kd7 30. a3 h6 31. Nf3 Ke6 32. h3 Ne7 33. Ne1 Kd5
34. Kf3 Bc7 35. c3 Bb6 36. Nc2 Nc6 37. Be1 dxc3 38. Bxc3 g6 39. Ne3+ Bxe3 40.
Kxe3 Nd8 41. Kf3 g5 42. Ke3 Nc6 43. Kf3 Ke6 44. Ke3 Kd5 45. Kf3 Nd8 46. Ke3 Ne6
47. Kf3 gxf4 48. gxf4 Nf8 49. Ke3 Ng6 50. Be1 h5 51. Bd2 Nf8 52. Be1 Ne6 53.
Bc3 Nf8 54. Bd2 1/2-1/2

[Event "KP 2017-18, Trebechovice - Lipa B"]
[Site "Trebechovice p.O."]
[Date "2017.12.10"]
[Round "4.6"]
[White "Tsapanidis, Vasilis"]
[Black "Chmelar, Vitezslav"]
[Result "1-0"]
[WhiteElo "1821"]
[BlackElo "1829"]
[PlyCount "151"]
[EventDate "2017.12.10"]

1. c4 e5 2. Nc3 Nf6 3. Nf3 Nc6 4. d4 exd4 5. Nxd4 Ne5 6. e3 d6 7. Be2 Be7 8.
O-O O-O 9. Nd5 Nxd5 10. cxd5 Bf6 11. Bd2 Bd7 12. Rc1 Ng6 13. Bc3 a6 14. Nf3 Ne5
15. h3 Nxf3+ 16. Bxf3 Be5 17. Qb3 Bb5 18. Rfd1 Qd7 19. Rd2 Rab8 20. Bd4 Bxd4
21. Rxd4 Qc8 22. Qc2 Qd8 23. Qxc7 Rc8 24. Qxc8 Qxc8 25. Rxc8 Rxc8 26. Rd2 Kf8
27. Be2 Bd7 28. Bd3 Ke7 29. Rc2 Rxc2 30. Bxc2 Kf6 31. f4 Bb5 32. e4 Bc4 33. b3
Bb5 34. a4 Bd7 35. a5 h6 36. h4 Bb5 37. Kf2 Bd7 38. Ke3 Bc8 39. Kd4 Bd7 40. Bd3
Ke7 41. e5 Bc8 42. g3 Bd7 43. b4 Bc8 44. b5 axb5 45. Bxb5 Bf5 46. Bd3 Bc8 47.
Kc4 Bd7 48. Kb4 g6 49. Bb5 Bf5 50. Ba4 Bd3 51. Bb3 Kd7 52. Bc4 Bf5 53. Kb5 Kc7
54. e6 fxe6 55. dxe6 Be4 56. Be2 Bc6+ 57. Kb4 Kd8 58. Bd3 Ke7 59. Bxg6 Kxe6 60.
g4 Kf6 61. Bd3 Kg7 62. g5 hxg5 63. hxg5 Kf7 64. f5 Kg7 65. Kc4 Kf7 66. Kd4 Kg7
67. Be4 Bd7 68. f6+ Kf7 69. Bxb7 Bb5 70. Bd5+ Kg6 71. f7 Kg7 72. Bc4 Bc6 73. a6
Kf8 74. a7 Bb7 75. g6 Kg7 76. Bd5 1-0

[Event "KP 2017-18, Trebechovice - Lipa B"]
[Site "Trebechovice p.O."]
[Date "2017.12.10"]
[Round "4.7"]
[White "Mares, Ilja"]
[Black "Portych, Vaclav"]
[Result "1/2-1/2"]
[WhiteElo "1793"]
[BlackElo "1855"]
[PlyCount "32"]
[EventDate "2017.12.10"]

1. Nf3 Nf6 2. c4 g6 3. Nc3 Bg7 4. e4 d6 5. d4 O-O 6. Be2 c5 7. O-O b6 8. Bg5
Bb7 9. e5 Ne8 10. dxc5 bxc5 11. Nb5 Nc6 12. Nxd6 Nxd6 13. exd6 Qxd6 14. Qxd6
exd6 15. Rfd1 Rfe8 16. Rd2 Re6 1/2-1/2

[Event "KP 2017-18, Trebechovice - Lipa B"]
[Site "Trebechovice p.O."]
[Date "2017.12.10"]
[Round "4.8"]
[White "Kuzmin, Sergej"]
[Black "Pribyl, Michal"]
[Result "1/2-1/2"]
[WhiteElo "1921"]
[BlackElo "1726"]
[PlyCount "56"]
[EventDate "2017.12.10"]

1. d4 e6 2. Nf3 d5 3. c4 c6 4. cxd5 exd5 5. Nc3 Bf5 6. Bf4 Bd6 7. Bxd6 Qxd6 8.
Qb3 Qc7 9. e3 Ne7 10. Rc1 Qb6 11. Qa3 Nd7 12. Be2 Qd8 13. O-O O-O 14. Na4 Re8
15. Nc5 Nxc5 16. Qxc5 Qb6 17. b4 Qxc5 18. Rxc5 a6 19. a4 f6 20. Nh4 Bd7 21. h3
Nc8 22. b5 axb5 23. axb5 Nd6 24. bxc6 bxc6 25. Bd3 Ra3 26. Rd1 Rb8 27. g4 g6
28. Nf3 Rbb3 1/2-1/2

[Event "KP 2017-18, Nachod B - Jaromer"]
[Site "?"]
[Date "2017.12.10"]
[Round "4.1"]
[White "Pultar, Petr"]
[Black "Cech, Pavel"]
[Result "0-1"]
[WhiteElo "1873"]
[BlackElo "2369"]
[PlyCount "36"]
[EventDate "2017.??.??"]

1. d4 d5 2. c4 c6 3. Nc3 Nf6 4. Nf3 dxc4 5. e4 b5 6. e5 Nd5 7. Ne4 Bf5 8. Ng3
Bg4 9. h3 Bxf3 10. gxf3 e6 11. Ne4 Qa5+ 12. Bd2 Qb6 13. Be3 Nd7 14. a3 Rd8 15.
f4 c5 16. dxc5 Nxc5 17. Nxc5 Nxe3 18. Qe2 Qa5+ 0-1

[Event "KP 2017-18, Nachod B - Jaromer"]
[Site "?"]
[Date "2017.12.10"]
[Round "4.2"]
[White "Jecha, Vratislav"]
[Black "Nyvlt, Otto"]
[Result "1-0"]
[WhiteElo "2067"]
[BlackElo "1986"]
[PlyCount "59"]
[EventDate "2017.??.??"]

1. e4 c5 2. Nc3 e6 3. f4 a6 4. a4 Nc6 5. Nf3 d6 6. Bc4 Nf6 7. Ba2 Rb8 8. O-O b5
9. d3 Be7 10. Qe1 b4 11. Ne2 d5 12. e5 Nd7 13. f5 Ndxe5 14. Nxe5 Nxe5 15. Qg3
Nc6 16. fxe6 Bxe6 17. Qxg7 Kd7 18. Nf4 Qg8 19. Qxg8 Rhxg8 20. Bxd5 Nd4 21. c3
bxc3 22. Bxe6+ fxe6 23. bxc3 Nb3 24. Rb1 Bg5 25. Be3 e5 26. Nd5 Bxe3+ 27. Nxe3
Ke6 28. Nc4 Kd5 29. Rf6 Rg6 30. Ne3# 1-0

[Event "KP 2017-18, Nachod B - Jaromer"]
[Site "?"]
[Date "2017.12.10"]
[Round "4.3"]
[White "Novotny, Jan"]
[Black "Stanek, Petr"]
[Result "1/2-1/2"]
[WhiteElo "1932"]
[BlackElo "1911"]
[PlyCount "42"]
[EventDate "2017.??.??"]

1. d4 c5 2. d5 Nf6 3. g3 d6 4. Bg2 b5 5. e4 Bb7 6. Qe2 a6 7. Nh3 g6 8. O-O Bg7
9. Nd2 O-O 10. a4 c4 11. axb5 axb5 12. Rxa8 Bxa8 13. c3 Nfd7 14. f4 Qb6+ 15.
Nf2 Nc5 16. Kh1 Nbd7 17. Rd1 Bb7 18. Nf3 Ra8 19. Be3 Ra2 20. Bd4 Bxd4 21. Nxd4
Na4 1/2-1/2

[Event "KP 2017-18, Nachod B - Jaromer"]
[Site "?"]
[Date "2017.12.10"]
[Round "4.4"]
[White "Prouza, Pavel"]
[Black "Pinkava, Josef"]
[Result "1/2-1/2"]
[WhiteElo "1966"]
[BlackElo "1852"]
[PlyCount "61"]
[EventDate "2017.??.??"]

1. Nf3 d5 2. c4 e6 3. b3 Nf6 4. g3 Nbd7 5. Bb2 Be7 6. Bg2 O-O 7. O-O c5 8. d3
b6 9. cxd5 Nxd5 10. Nc3 Bb7 11. Rc1 Rc8 12. Nb5 a6 13. Nc3 Nxc3 14. Bxc3 Nf6
15. Bb2 Nd5 16. Rc4 Bf6 17. Ne5 Qd6 18. Qa1 Rfd8 19. Rg4 Qf8 20. Nc4 Bxb2 21.
Qxb2 b5 22. Ne3 f6 23. Bxd5 exd5 24. d4 c4 25. bxc4 dxc4 26. h4 Rc7 27. h5 Qf7
28. h6 g6 29. Rf4 Qf8 30. d5 f5 31. Qd4 1/2-1/2

[Event "KP 2017-18, Nachod B - Jaromer"]
[Site "?"]
[Date "2017.12.10"]
[Round "4.5"]
[White "Vagner, Patrik"]
[Black "Bem, David"]
[Result "0-1"]
[WhiteElo "1698"]
[BlackElo "1880"]
[PlyCount "72"]
[EventDate "2017.??.??"]

1. d4 d5 2. c4 c6 3. Nc3 Nf6 4. Nf3 e6 5. Bg5 Be7 6. e3 b6 7. Rc1 Bb7 8. cxd5
exd5 9. Bd3 Nbd7 10. O-O O-O 11. Re1 Ne4 12. Bxe7 Qxe7 13. a3 a5 14. Nd2 f5 15.
Ndxe4 fxe4 16. Be2 Qg5 17. Bg4 Nf6 18. f3 Rae8 19. Qe2 h5 20. Bh3 exf3 21. Qxf3
Ng4 22. Qg3 Rxe3 23. Rxe3 Qxe3+ 24. Qxe3 Nxe3 25. Be6+ Kh7 26. Re1 Nc2 27. Rd1
Ba6 28. g3 Ne3 29. Re1 Nc4 30. Na4 Nd2 31. Rd1 Nf3+ 32. Kg2 Be2 33. Rc1 Nxd4
34. Bd7 Bf3+ 35. Kh3 g5 36. Rc3 Ne2 0-1

[Event "KP 2017-18, Nachod B - Jaromer"]
[Site "?"]
[Date "2017.12.10"]
[Round "4.6"]
[White "Kudr, Roman"]
[Black "Burdilak, Milan"]
[Result "1-0"]
[WhiteElo "1913"]
[BlackElo "1679"]
[PlyCount "59"]
[EventDate "2017.??.??"]

1. e4 e6 2. d4 d5 3. exd5 exd5 4. Bd3 Bd6 5. Nf3 Nf6 6. O-O O-O 7. b3 Bg4 8.
Nbd2 c6 9. c4 Qc7 10. Qc2 Nbd7 11. h3 Bh5 12. cxd5 cxd5 13. Qxc7 Bxc7 14. g4
Bg6 15. Bxg6 hxg6 16. Re1 Rfe8 17. Bb2 Ba5 18. Rxe8+ Rxe8 19. Rc1 Re2 20. Bc3
Bb6 21. Kf1 Re6 22. Bb4 Rc6 23. Re1 Nf8 24. g5 N6d7 25. Re8 Re6 26. Ra8 f6 27.
Nb1 Rc6 28. Nc3 a5 29. Bxf8 Rxc3 30. Bb4+ 1-0

[Event "KP 2017-18, Nachod B - Jaromer"]
[Site "?"]
[Date "2017.12.10"]
[Round "4.7"]
[White "Dusbaba, Petr"]
[Black "Kunes, Jan"]
[Result "1/2-1/2"]
[WhiteElo "1795"]
[BlackElo "1883"]
[PlyCount "55"]
[EventDate "2017.??.??"]

1. e4 c5 2. Nf3 d6 3. d4 cxd4 4. Nxd4 Nf6 5. Nc3 a6 6. Bc4 e6 7. O-O Be7 8. Be3
O-O 9. a4 Qc7 10. Qe2 Nc6 11. f4 Nb4 12. Bb3 Bd7 13. g4 e5 14. Nf5 Bxf5 15.
gxf5 Qc6 16. Qg2 Kh8 17. Kf2 exf4 18. Bxf4 Nh5 19. Bg5 Qc5+ 20. Ke2 Nf6 21. Be3
Qe5 22. Rad1 Nc6 23. Bf4 Qc5 24. Be3 Qe5 25. Rg1 g6 26. Bh6 Nd4+ 27. Rxd4 Qxd4
28. Bxf8 1/2-1/2

[Event "KP 2017-18, Nachod B - Jaromer"]
[Site "?"]
[Date "2017.12.10"]
[Round "4.8"]
[White "Ruzickova, Radka"]
[Black "Kansky, Josef"]
[Result "1-0"]
[WhiteElo "1884"]
[BlackElo "1786"]
[PlyCount "57"]
[EventDate "2017.??.??"]

1. e4 d6 2. d4 g6 3. Nc3 Bg7 4. Be3 Nc6 5. h3 e6 6. Nf3 Bd7 7. a3 a6 8. Bc4
Nge7 9. Qd2 b5 10. Ba2 Ng8 11. O-O h5 12. Ng5 Bh6 13. f4 Nce7 14. Qf2 Qc8 15.
d5 Bxg5 16. fxg5 Rh7 17. dxe6 Bxe6 18. Nd5 Nxd5 19. Bxd5 c6 20. Bxe6 Qxe6 21.
Bf4 c5 22. Rad1 Rd8 23. Qg3 h4 24. Qf3 Ke7 25. Rd5 f6 26. gxf6+ Nxf6 27. Bg5
Rf7 28. e5 dxe5 29. Rxd8 1-0

[Event "KP 2017-18, Jaromer - Trebechovice"]
[Site "?"]
[Date "2018.01.07"]
[Round "5.1"]
[White "Jecha, Vratislav"]
[Black "Nosek, Jan"]
[Result "1/2-1/2"]
[WhiteElo "2075"]
[BlackElo "2039"]
[PlyCount "27"]
[EventDate "2018.??.??"]

1. d4 Nf6 2. Nf3 g6 3. g3 Bg7 4. Bg2 O-O 5. O-O d5 6. Bf4 c5 7. c3 Qb6 8. Qb3
Nc6 9. dxc5 Qxc5 10. Na3 a6 11. Rad1 Na5 12. Qc2 Bf5 13. Qc1 Nc6 14. Ne5
1/2-1/2

[Event "KP 2017-18, Jaromer - Trebechovice"]
[Site "?"]
[Date "2018.01.07"]
[Round "5.2"]
[White "Slavik, Jan"]
[Black "Prouza, Tomas"]
[Result "0-1"]
[WhiteElo "1909"]
[BlackElo "1941"]
[PlyCount "58"]
[EventDate "2018.??.??"]

1. e4 c6 2. d4 d5 3. exd5 cxd5 4. c4 Nf6 5. Nc3 g6 6. Nf3 Bg7 7. Bd3 Bg4 8. O-O
O-O 9. Be3 Nc6 10. Rb1 e5 11. cxd5 Nxd4 12. Be2 Nxe2+ 13. Nxe2 Bxf3 14. gxf3
Nxd5 15. Qb3 Nb6 16. Rfd1 Qf6 17. Kg2 h5 18. Ng3 h4 19. Ne4 h3+ 20. Kg3 Qf5 21.
Rbc1 Rad8 22. Nd6 Rxd6 23. Rxd6 Bf6 24. Qd3 e4 25. Qxe4 Be5+ 26. Bf4 Qg5+ 27.
Kxh3 Bxf4 28. Rxb6 axb6 29. Rg1 Qxg1 0-1

[Event "KP 2017-18, Jaromer - Trebechovice"]
[Site "?"]
[Date "2018.01.07"]
[Round "5.3"]
[White "Prouza, Pavel"]
[Black "Krasa, Marek"]
[Result "1/2-1/2"]
[WhiteElo "1963"]
[BlackElo "1695"]
[PlyCount "58"]
[EventDate "2018.??.??"]

1. Nf3 Nf6 2. c4 e6 3. g3 d5 4. Bg2 c6 5. b3 Nbd7 6. O-O Bd6 7. Bb2 O-O 8. d3
Re8 9. Nbd2 Bc7 10. Rc1 Qe7 11. Rc2 Nf8 12. d4 b6 13. Ne5 Bxe5 14. dxe5 N6d7
15. e4 Bb7 16. Re1 Rac8 17. Qg4 f6 18. exf6 Nxf6 19. Qe2 Qf7 20. f4 Nxe4 21.
Nxe4 dxe4 22. Bxe4 c5 23. Rd2 Rcd8 24. Red1 Rxd2 25. Rxd2 Bxe4 26. Qxe4 Re7 27.
Re2 Rd7 28. Be5 h6 29. Bc3 Rd1+ 1/2-1/2

[Event "KP 2017-18, Jaromer - Trebechovice"]
[Site "?"]
[Date "2018.01.07"]
[Round "5.4"]
[White "Slavik, Libor"]
[Black "Bem, David"]
[Result "0-1"]
[WhiteElo "1820"]
[BlackElo "1891"]
[PlyCount "54"]
[EventDate "2018.??.??"]

1. e4 c5 2. f4 d6 3. Bb5+ Bd7 4. Bxd7+ Qxd7 5. Nf3 Nc6 6. O-O g6 7. Nc3 Bg7 8.
Qe1 e6 9. d3 Nge7 10. Be3 Rc8 11. Qf2 O-O 12. g4 f5 13. gxf5 exf5 14. e5 dxe5
15. Bxc5 exf4 16. Rae1 b6 17. Bxe7 Nxe7 18. Ne5 Qd6 19. Qxf4 g5 20. Qxg5 Kh8
21. Qg3 Rcd8 22. Rf2 f4 23. Rxf4 Nf5 24. Qh3 Bxe5 25. Rxf5 Qg6+ 26. Kh1 Rxf5
27. Rg1 Rh5 0-1

[Event "KP 2017-18, Jaromer - Trebechovice"]
[Site "?"]
[Date "2018.01.07"]
[Round "5.5"]
[White "Kudr, Roman"]
[Black "Mares, Ilja"]
[Result "1-0"]
[WhiteElo "1917"]
[BlackElo "1793"]
[PlyCount "55"]
[EventDate "2018.??.??"]

1. Nf3 Nf6 2. c4 c5 3. g3 d5 4. cxd5 Nxd5 5. Bg2 Nc6 6. d4 Nc7 7. Be3 Nd5 8.
O-O Nxe3 9. fxe3 e6 10. Nc3 Be7 11. Ne4 O-O 12. Nxc5 Bxc5 13. dxc5 Qa5 14. Qc2
f6 15. Rfd1 Nb4 16. Qc3 e5 17. a3 Nc6 18. Qxa5 Nxa5 19. Nd2 Bd7 20. b4 Nc6 21.
Bd5+ Kh8 22. Nc4 g6 23. Nd6 Rab8 24. Rac1 a6 25. Rd2 Nd8 26. Nc4 Nc6 27. Rcd1
Rbd8 28. Bxc6 1-0

[Event "KP 2017-18, Jaromer - Trebechovice"]
[Site "?"]
[Date "2018.01.07"]
[Round "5.6"]
[White "Kracik, Martin"]
[Black "Kunes, Jan"]
[Result "1-0"]
[WhiteElo "1790"]
[BlackElo "1864"]
[PlyCount "47"]
[EventDate "2018.??.??"]

1. e4 c6 2. d4 d5 3. exd5 cxd5 4. c3 Nf6 5. Bd3 e6 6. Bf4 Nc6 7. Nf3 Be7 8. O-O
O-O 9. Nbd2 b6 10. Qe2 Bb7 11. Ne5 Qc8 12. Rae1 a6 13. Nxc6 Bxc6 14. Nf3 b5 15.
Ne5 Qb7 16. Bg5 h6 17. Bxf6 Bxf6 18. f4 Kh8 19. f5 exf5 20. Rxf5 Rae8 21. Rxf6
gxf6 22. Qh5 Kg7 23. Qg4+ Kh8 24. Qf5 1-0

[Event "KP 2017-18, Jaromer - Trebechovice"]
[Site "?"]
[Date "2018.01.07"]
[Round "5.7"]
[White "Boruvka, Milan"]
[Black "Marak, David"]
[Result "1/2-1/2"]
[WhiteElo "1867"]
[BlackElo "1782"]
[PlyCount "85"]
[EventDate "2018.??.??"]

1. e4 e5 2. Nf3 Nc6 3. Bc4 Nf6 4. d3 Bc5 5. Nc3 d6 6. Bg5 Be6 7. Bb3 Nd4 8.
Nxd4 Bxd4 9. Qd2 c6 10. O-O h6 11. Be3 Bxe3 12. fxe3 d5 13. exd5 Nxd5 14. Nxd5
Bxd5 15. c4 Be6 16. d4 exd4 17. exd4 O-O 18. d5 Qb6+ 19. Kh1 Rad8 20. Rad1 Bg4
21. Rde1 cxd5 22. cxd5 Rd6 23. Qf4 Bh5 24. Re5 Bg6 25. Rfe1 f6 26. Re6 Rfd8 27.
Rxd6 Qxd6 28. Qd4 b6 29. Re6 Qxe6 30. d6 Qxb3 31. axb3 Bf7 32. b4 Be6 33. Kg1
Kf7 34. Qd1 g6 35. Qc1 Kg7 36. Qc7+ Rd7 37. Qb8 h5 38. Qe8 Bf5 39. Kf2 h4 40.
Ke3 g5 41. Kd4 Rxd6+ 42. Kc4 Rd7 43. Qe3 1/2-1/2

[Event "KP 2017-18, Jaromer - Trebechovice"]
[Site "?"]
[Date "2018.01.07"]
[Round "5.8"]
[White "Zdechovsky, Tobias"]
[Black "Jecha, Petr"]
[Result "0-1"]
[WhiteElo "1547"]
[BlackElo "1944"]
[PlyCount "72"]
[EventDate "2018.??.??"]

1. e4 c6 2. Nc3 d5 3. Nf3 d4 4. Ne2 c5 5. Nf4 Nc6 6. c3 Nf6 7. cxd4 Nxd4 8.
Nxd4 Qxd4 9. d3 e5 10. Ne2 Qb4+ 11. Bd2 Qb6 12. Qc2 Be6 13. b3 Bd6 14. Nc3 Rc8
15. Be2 O-O 16. Nd1 Qc6 17. Bc3 Ne8 18. Ne3 f6 19. g4 b5 20. O-O-O a5 21. g5
fxg5 22. Bg4 Bxg4 23. Nxg4 c4 24. Kb2 Qc5 25. Ka1 cxd3 26. Qxd3 Qxc3+ 27. Qxc3
Rxc3 28. Rd5 Rc5 29. Rhd1 Rxd5 30. Rxd5 a4 31. Rxb5 axb3 32. axb3 Nc7 33. Rb6
Bc5 34. Rc6 Bd4+ 35. Kb1 Rf7 36. Kc1 h5 0-1

[Event "KP 2017-18, Hronov - Dvur Kralove"]
[Site "?"]
[Date "2018.01.07"]
[Round "5.1"]
[White "Kowalczyk, Pawel"]
[Black "Kraus, Tomas"]
[Result "0-1"]
[WhiteElo "2387"]
[BlackElo "2426"]
[PlyCount "66"]
[EventDate "2018.??.??"]

1. d4 Nf6 2. c4 c5 3. d5 e6 4. Nc3 exd5 5. cxd5 Bd6 6. Nf3 O-O 7. a4 Bc7 8. g4
Re8 9. g5 Ne4 10. Qc2 Ba5 11. Bg2 Na6 12. O-O Nb4 13. Qb3 d6 14. Be3 Bg4 15. h3
Bxf3 16. Bxf3 Ng3 17. Rfd1 Rxe3 18. fxe3 Nf5 19. Ne4 c4 20. Qxc4 Nxe3 21. Qb3
Nxd1 22. Rxd1 Bb6+ 23. Kg2 Na6 24. h4 Nc5 25. Nxc5 Bxc5 26. Rc1 h6 27. Qc3 a5
28. gxh6 gxh6 29. Rh1 Rc8 30. Bg4 Rc7 31. Qxa5 f5 32. Rf1 fxg4 33. Rf4 Qxh4 0-1

[Event "KP 2017-18, Hronov - Dvur Kralove"]
[Site "?"]
[Date "2018.01.07"]
[Round "5.2"]
[White "Machan, Jan"]
[Black "Velecky, Viktor"]
[Result "0-1"]
[WhiteElo "2293"]
[BlackElo "2051"]
[PlyCount "74"]
[EventDate "2018.??.??"]

1. d4 e6 2. c4 Nf6 3. Nf3 d5 4. g3 Nbd7 5. Qc2 Ne4 6. Bg2 f5 7. O-O Be7 8. b3
O-O 9. Ba3 c6 10. Bxe7 Qxe7 11. Nc3 Qf6 12. Rfd1 b6 13. e3 Bb7 14. Rac1 g5 15.
Ne1 Rae8 16. Qe2 Qg6 17. Nxe4 dxe4 18. f3 c5 19. fxe4 fxe4 20. Nc2 g4 21. Rf1
Rf3 22. b4 h5 23. Rcd1 cxb4 24. Nxb4 a5 25. Nc2 h4 26. gxh4 Ref8 27. d5 e5 28.
Kh1 Nc5 29. Ne1 Qf5 30. Kg1 Bc8 31. Rd2 Qh5 32. h3 Rxf1+ 33. Bxf1 Qxh4 34. hxg4
Qg3+ 35. Ng2 Nd3 36. Qd1 Bxg4 37. Be2 Rf2 0-1

[Event "KP 2017-18, Hronov - Dvur Kralove"]
[Site "?"]
[Date "2018.01.07"]
[Round "5.3"]
[White "Cap, Jaroslav"]
[Black "Smid, Jaroslav"]
[Result "0-1"]
[WhiteElo "1769"]
[BlackElo "1935"]
[PlyCount "76"]
[EventDate "2018.??.??"]

1. e4 e5 2. Nf3 Nc6 3. Bb5 a6 4. Ba4 Nf6 5. O-O Bc5 6. c3 O-O 7. Bc2 d5 8. exd5
Qxd5 9. d3 Bg4 10. Nbd2 Rad8 11. Qe1 Rfe8 12. Ng5 Bh5 13. Nge4 Be7 14. Ng3 Bg6
15. Nde4 Qd7 16. h3 Nd5 17. Be3 f5 18. Nc5 Qc8 19. Nxf5 Bxf5 20. Ne4 Bxe4 21.
dxe4 Nxe3 22. Qxe3 Kh8 23. b4 Qe6 24. Bb3 Qg6 25. Bd5 Bg5 26. Qe2 Rd6 27. Qc4
Rf8 28. a4 b5 29. axb5 axb5 30. Qxb5 Nd8 31. Ba8 Bf4 32. Ra2 Ne6 33. Kh1 Qh5
34. Qc4 Ng5 35. f3 Nxh3 36. g4 Qh4 37. Rg2 Ng5+ 38. Kg1 Be3+ 0-1

[Event "KP 2017-18, Hronov - Dvur Kralove"]
[Site "?"]
[Date "2018.01.07"]
[Round "5.4"]
[White "Spacek, Libor"]
[Black "Prochazka, Jan"]
[Result "1-0"]
[WhiteElo "2101"]
[BlackElo "1876"]
[PlyCount "121"]
[EventDate "2018.??.??"]

1. e4 d5 2. exd5 Nf6 3. Nc3 Nxd5 4. Nxd5 Qxd5 5. Qf3 Qxf3 6. Nxf3 Bf5 7. c3 Nd7
8. d4 e6 9. Be3 Bd6 10. Be2 O-O 11. O-O h6 12. Rad1 c6 13. h3 Rad8 14. Rfe1
Rfe8 15. Nh4 Bh7 16. f4 g5 17. fxg5 Bg3 18. Bf2 Bxf2+ 19. Kxf2 hxg5 20. Nf3 f6
21. Bc4 Kf7 22. Rd2 Nb6 23. Bb3 Nd5 24. g3 Bf5 25. h4 gxh4 26. Nxh4 Bg4 27.
Bxd5 exd5 28. Rxe8 Rxe8 29. Ng2 Bf5 30. Re2 Rxe2+ 31. Kxe2 Be4 32. Nf4 f5 33.
Ke3 a5 34. Nh3 b6 35. Kf4 Ke6 36. Ng5+ Kf6 37. g4 Bb1 38. a3 fxg4 39. Kxg4 Bc2
40. Kf4 Bd1 41. b4 axb4 42. axb4 b5 43. Nh3 Ke6 44. Nf2 Bc2 45. Ng4 Bb1 46. Ne5
Kd6 47. Kg5 Bc2 48. Kf6 Bb1 49. Kf7 Bf5 50. Ke8 Kc7 51. Ke7 Bh3 52. Nf3 Bc8 53.
Ng5 Bb7 54. Ne6+ Kc8 55. Kd6 Ba8 56. Nc5 Kb8 57. Kd7 Bb7 58. Nd3 Ba8 59. Ne5
Kb7 60. Nxc6 Kb6 61. Ne7 1-0